| 000 | 00987nam a22002417a 4500 | ||
|---|---|---|---|
| 005 | 2011022207587.0 | ||
| 008 | 110222t xxu||||| |||| 00| 0 mar d | ||
| 010 | _aMAR-20617 | ||
| 020 |
_a9788174345141 _c250.00 |
||
| 035 | _aMR-13275 | ||
| 037 | _bDBAD / PUB | ||
| 040 |
_aDPL _bMR |
||
| 082 | _a080 | ||
| 100 |
_aवासलेकर,संदीप _926164 |
||
| 245 |
_aएका दिशेचा शोध / _cसंदीप वासलेकर |
||
| 246 |
_aEka Dishecha Shodha _bby Sandeep Waslekar |
||
| 260 |
_aपुणे _bराजहंस प्रकाशन _c2010 |
||
| 270 |
_a1025,सदाशिव पेठ _bपुणे _e411030 |
||
| 300 |
_a179पृ _c21सेमी(अजिल्द) _bसचित्र |
||
| 700 | _926165 | ||
| 942 |
_2ddc _cMR _mवासले _h080 |
||
| 999 |
_c50738 _d50738 |
||